মুহাদ্দিস প্রসংগ / (Record no. 27629)

MARC details
000 -LEADER
fixed length control field 00870nam a22002057a 4500
003 - CONTROL NUMBER IDENTIFIER
control field BDDh-ASL
005 - DATE AND TIME OF LATEST TRANSACTION
control field 20231016062616.0
008 - FIXED-LENGTH DATA ELEMENTS--GENERAL INFORMATION
fixed length control field 200917s1975 b ||||| |||| 00| 0 b d
040 ## - CATALOGING SOURCE
Original cataloging agency BDDh-ASL
Transcribing agency BDDh-ASL
Modifying agency BDDh-ASL
041 ## - LANGUAGE CODE
Language code of text/sound track or separate title bengali
082 ## - DEWEY DECIMAL CLASSIFICATION NUMBER
Classification number 921.48
Item number RAM
100 ## - MAIN ENTRY--PERSONAL NAME
9 (RLIN) 835
Personal name রহমান, মুহাম্মদ মুজীবুর
245 10 - TITLE STATEMENT
Title মুহাদ্দিস প্রসংগ /
246 ## - VARYING FORM OF TITLE
Title proper/short title Muhaddis Prosonga
260 ## - PUBLICATION, DISTRIBUTION, ETC.
Place of publication, distribution, etc. রাজশাহী:
Name of publisher, distributor, etc. মুহাম্মদ ওবায়দুর রহমান ও মুহাম্মদ আতীকুর রহমান,
Date of publication, distribution, etc. ১৯৭৫।
300 ## - PHYSICAL DESCRIPTION
Extent ১২২ পৃষ্ঠা:
Dimensions ২২ সে. মি.।
504 ## - BIBLIOGRAPHY, ETC. NOTE
Bibliography, etc. note নিঘন্ট সংযুক্ত ।
650 #0 - SUBJECT ADDED ENTRY--TOPICAL TERM
Topical term or geographic name entry element biographical dictionary - চরিতাভিধান
9 (RLIN) 4665
942 ## - ADDED ENTRY ELEMENTS (KOHA)
Source of classification or shelving scheme Dewey Decimal Classification
Koha item type Books
Holdings
Withdrawn status Lost status Source of classification or shelving scheme Damaged status Not for loan Collection code Home library Current library Shelving location Date acquired Source of acquisition Total Checkouts Full call number Barcode Date last seen Copy number Price effective from Koha item type
    Dewey Decimal Classification     Non-fiction Asiatic Society Library Asiatic Society Library General Stacks 11/06/2021 ASB Library Collection   921.48 RAM 113761 11/06/2021 C-1 11/06/2021 Books

Powered by Koha